000 00293nam a2200121Ia 4500
008 191201s1997 xx 000 0 und d
100 _aASPLAND, R J
245 0 _aTextile Dyeing and Coloration
260 _aN.Delhi
_bA.A.T.C.C
_c1997
300 _a410
650 _aB.Tech(TE)
942 _2ddc
_cBK
999 _c3375
_d3375